Statistics for 2021年东欧百万人口城市

Click here to take the quiz!

General Stats

  • This quiz has been taken 385 times
  • The average score is 14 of 24

Answers on the Map

Answers color-coded by a green-red scale on the quiz's map according to % correct below.
 

Answer Stats

人口(万)城市% Correct
1740.0莫斯科
99%
347.5基辅
97%
565.0圣彼得堡
97%
235.0华沙
95%
205.0明斯克
91%
146.0布拉格
89%
262.5布达佩斯
84%
130.0索非亚
79%
143.0贝尔格莱德
77%
220.0布加勒斯特
72%
140.0伏尔加格勒
65%
111.0敖德萨
64%
144.0顿涅茨克
62%
126.0喀山
61%
163.0哈尔科夫
60%
130.0顿河畔罗斯托夫
44%
173.0下诺夫哥罗德
29%
138.0第聂伯罗
26%
130.0萨马拉
20%
106.0沃罗涅日
14%
232.5卡托维兹
13%
113.0乌法
13%
111.0彼尔姆
13%
108.0萨拉托夫
12%

Score Distribution

Percentile by Number Answered

Percent of People with Each Score

Your Score History

You have not taken this quiz